العملي في تسبيب الأحكام الجنائية وأعمال محاكم الجنايات ومحاكم الجنح / (Record no. 26009)
[ view plain ]
| 000 -الفاتح | |
|---|---|
| حقل البيانات ثابتة الطول | 01075nam a22002655a 4500 |
| 003 - محدد رقم الضبط | |
| رقم الضبط | OSt |
| 005 - وقت وتاريخ اخر تعامل مع التسجيلة | |
| رقم الضبط | 20180124113136.0 |
| 008 - عناصر البيانات ثابتة الطول - معلومات عامة | |
| حقل البيانات ثابتة الطول | 180124s2016 ua frbe 000 0 ara d |
| 040 ## - مصدر الفهرسة | |
| وكالة الفهرسة الأصلية | EG-ScBUE |
| لغة الفهرسة | ara |
| وكالة النسخ | EG-ScBUE |
| 043 ## - رمز المنطقة الجغرافية | |
| رمز المنطقة الجغرافية | f-ua--- |
| 082 04 - رقم تصنيف ديوى العشرى | |
| رقم التصنيف | 345.6205 |
| رقم المادة | ج م ي |
| رقم الطبعة | 22 |
| 100 1# - المدخل الرئيسى - إسم شخصى | |
| الإسم الشخصى | جميلي، هشام عبد الحميد. |
| 245 12 - بيان العنوان | |
| العنوان | العملي في تسبيب الأحكام الجنائية وأعمال محاكم الجنايات ومحاكم الجنح / |
| بيان المسئوليه,etc | هشام عبد الحميد الجميلي. |
| 246 3# - العنوان الموازى | |
| عنوان صحيح/عنوان مختصر | تسبيب الأحكام الجنائية |
| 260 ## - PUBLICATION, DISTRIBUTION, ETC. (IMPRINT) | |
| مكان الناشر او الموزع | القاهرة : |
| اسم الناشر او الموزع | نادي القضاة، |
| تاريخ النشر أو التوزيع | 2016. |
| 300 ## - الوصف المادى | |
| التعداد | 1664 ص. ؛ |
| أبعاد الوعاء | 24 سم. |
| 504 ## - تبصرة ببليوجرافية | |
| تبصرة ببليوجرافية,الخ | يشتمل على إرجاعات ببليوجرافية. |
| 541 ## - تبصرة المصدر المباشر للتزويد | |
| مصدر التزويد | دكتور أحمد حمد ؛ |
| طريقة التزويد | إهداء ؛ |
| 610 17 - المدخل الاضافى بالموضوع-اسم هيئة | |
| اسم الهيئة أو اسم السلطة كمدخل | مصر. |
| وحده ملحقة | محكمة النقض. |
| 9 (RLIN) | 40940 |
| 650 #7 - المدخل الاضافى بالموضوع-مصطلح موضوعى | |
| مصطلح موضوعي أو اسم جغرافي كعنصر مدخل | الأحكام الجنائية |
| التقسيم الفرعي الجغرافي | مصر. |
| مصدر الرأس أو المصطلح | BUEsh |
| 650 #7 - المدخل الاضافى بالموضوع-مصطلح موضوعى | |
| مصطلح موضوعي أو اسم جغرافي كعنصر مدخل | القانون الجنائي |
| التقسيم الفرعي الجغرافي | مصر. |
| مصدر الرأس أو المصطلح | BUEsh |
| 9 (RLIN) | 41146 |
| 651 ## - المدخل الاضافى بالموضوع - اسم جغرافى | |
| مصدر الرأس أو المصطلح | BUEsh |
| 653 ## - مصطلح تكشيفى غير مقيد | |
| Resource For college | Law |
| Arrived date list | January2018 |
| 942 ## - عناصر المدخل الإضافي( كوها) | |
| مصدر التصنيف او مخطط الترفيف | Dewey Decimal Classification |
| حالة التراجع | حالة الفقد | مصدر التصنيف او خطة الترفيف | حالة تلف | ليس للاعارة | مجموعات كوها | المكان الدائم | المكان الحالي | موقع الترفيف | تاريخ الاكتساب | Source of acquisition | رقم الاستدعاء | الباركود | Date last seen | تبصرة غير عامة( المفوع للعناصر المفقوده) | نوع الوعاء |
|---|---|---|---|---|---|---|---|---|---|---|---|---|---|---|---|
| Dewey Decimal Classification | Donation-Gift | Central Library | Central Library | First floor | 24/01/2018 | Donation | 345.6205 ج م ي | 000042877 | 15/07/2025 | إهداء من دكتور أحمد حمد | Reference (NB) |